Le personnalisme comme anti-ideologie. (Record no. 23823)

MARC details
000 -LEADER
fixed length control field 00776nam a22002297a 4500
003 - CONTROL NUMBER IDENTIFIER
control field OSt
005 - DATE AND TIME OF LATEST TRANSACTION
control field 20200609093838.0
008 - FIXED-LENGTH DATA ELEMENTS--GENERAL INFORMATION
fixed length control field 200609b xxu||||| |||| 00| 0 fre d
040 ## - CATALOGING SOURCE
Original cataloging agency LB-BrCRDP
082 ## - DEWEY DECIMAL CLASSIFICATION NUMBER
Classification number 141.5 L147p
100 ## - MAIN ENTRY--PERSONAL NAME
Personal name Jean Lacroix
245 ## - TITLE STATEMENT
Title Le personnalisme comme anti-ideologie.
260 ## - PUBLICATION, DISTRIBUTION, ETC.
Place of publication, distribution, etc. Paris
Name of publisher, distributor, etc. Presses universitaires de France,
Date of publication, distribution, etc. 1972
300 ## - PHYSICAL DESCRIPTION
Extent 163 p.
Dimensions 18 cm.
490 ## - SERIES STATEMENT
Series statement Collection SUP : Le Philosophe, 105
630 ## - SUBJECT ADDED ENTRY--UNIFORM TITLE
Uniform title Personalism.
630 ## - SUBJECT ADDED ENTRY--UNIFORM TITLE
Uniform title idéologie -- personnalisme.
630 ## - SUBJECT ADDED ENTRY--UNIFORM TITLE
Uniform title Ideology.
630 ## - SUBJECT ADDED ENTRY--UNIFORM TITLE
Uniform title Personnalisme.
630 ## - SUBJECT ADDED ENTRY--UNIFORM TITLE
Uniform title Anti-Ideologie -- Croyance -- Foi -- Histoire -- Ideologie -- Moderne -- Personnalisme -- Philosophie Toggle expanding/contracting information section Linked Data
942 ## - ADDED ENTRY ELEMENTS (KOHA)
Source of classification or shelving scheme Dewey Decimal Classification
Koha item type Books
Holdings
Withdrawn status Lost status Source of classification or shelving scheme Damaged status Not for loan Home library Current library Date acquired Total Checkouts Full call number Barcode Date last seen Price effective from Koha item type
    Dewey Decimal Classification     مكتبة المطبعة - سن الفيل مكتبة المطبعة - سن الفيل 06/09/2020   141.5 L147p crdp019570 06/09/2020 06/09/2020 Books